| 000 -LEADER |
| fixed length control field |
00790nam a22002177a 4500 |
| 003 - CONTROL NUMBER IDENTIFIER |
| control field |
OSt |
| 005 - DATE AND TIME OF LATEST TRANSACTION |
| control field |
20251106081636.0 |
| 008 - FIXED-LENGTH DATA ELEMENTS--GENERAL INFORMATION |
| fixed length control field |
251106b ||||| |||| 00| 0 eng d |
| 020 ## - INTERNATIONAL STANDARD BOOK NUMBER |
| International Standard Book Number |
9780374537913 |
| 040 ## - CATALOGING SOURCE |
| Transcribing agency |
KH8 |
| 082 00 - DEWEY DECIMAL CLASSIFICATION NUMBER |
| Classification number |
629.45 VOR |
| 100 1# - MAIN ENTRY--PERSONAL NAME |
| Personal name |
Fetter-Vorm, Jonathan |
| Relator term |
author |
| 245 10 - TITLE STATEMENT |
| Title |
Moonbound |
| Remainder of title |
Apollo 11 and the dream of spaceflight |
| Statement of responsibility, etc. |
Jonathan Fetter-Vorm. |
| 250 ## - EDITION STATEMENT |
| Edition statement |
First edition |
| 264 #1 - PRODUCTION, PUBLICATION, DISTRIBUTION, MANUFACTURE, AND COPYRIGHT NOTICE |
| Place of production, publication, distribution, manufacture |
New York |
| Name of producer, publisher, distributor, manufacturer |
a novel graphic from Hill and Wang, a division of Farrar, Straus and Giroux |
| Date of production, publication, distribution, manufacture, or copyright notice |
2019 |
| 300 ## - PHYSICAL DESCRIPTION |
| Extent |
248 pages |
| Other physical details |
color illustrations |
| Dimensions |
24 cm x 15 cm |
| 520 ## - SUMMARY, ETC. |
| Summary, etc. |
Moonbound tells the monumental story of the moon and the men who went there first. |
| 650 #0 - SUBJECT ADDED ENTRY--TOPICAL TERM |
| Topical term or geographic name entry element |
Space flight to the moon |
| Form subdivision |
Comic books, strips, etc. |
| 650 #0 - SUBJECT ADDED ENTRY--TOPICAL TERM |
| Topical term or geographic name entry element |
Graphic novels |
| 942 ## - ADDED ENTRY ELEMENTS (KOHA) |
| Source of classification or shelving scheme |
|
| Koha item type |
Graphic Novel |